004390000a22001570004500020001500000060000800015082001600023100001400039100001800053100001800071245006600089260005200155260000900207300000800216650005700224 a8120412230 a100 a631.422 PEA aDixon, J aNorman, D W aPearson, C J aSustainable dryland cropping in relation to soil productivity aNew Delhi, Oxford & IBH publishing co. pvt. ltd c1995 a146 aSoil productivity/ Soil fertility/ Dryland cropping/